000 00659nam a2200229Ia 4500
003 OSt
005 20240910115633.0
008 240910b |||||||| |||| 00| 0 eng d
020 _a0521246725
024 _a37239
037 _cTextual
040 _aSDCL
_cSDCL
_beng
041 _2eng
_aeng
082 _aRx M3.3
100 _aPutnam, Hilary
_9387285
245 0 _aRealism and reason:
_bPhilosophical papers, Vol - 3/
260 _aLondon:
_bCambridge University Press,
_c1983.
300 _axviii,312p.
_ccm.
490 _vVolume - 3: Philosophical papers.
942 _hRx M3.3
_cTEXL
_2CC
999 _c783172
_d783172